| 000 | 00520nam a2200169Ia 4500 | ||
|---|---|---|---|
| 999 |
_c15966 _d15966 |
||
| 003 | OSt | ||
| 005 | 20200606115839.0 | ||
| 008 | 190216s9999||||xx |||||||||||||| ||und|| | ||
| 040 | _cMESKC library | ||
| 082 |
_a491.433 _bSRI/H |
||
| 100 |
_aSrivastava, Pushpa _9348 |
||
| 245 | 0 |
_aHindi Aur Tenydie Ka Vyavaharik Vyakaran / _cPushpa Srivastava |
|
| 260 |
_bMhasicha Praklashan Kohima, _aNagaland: _c1998. |
||
| 300 | _a258p | ||
| 650 | _aHindi | ||
| 942 |
_cBK _2ddc _h491.433 _iSRI/H _k491.433 _mSRI/H |
||